ՀՀ Գիտությունների ազգային ակադեմիայի հիմնարար գիտական գրադարան  =   Fundamental Scientific Library of NAS RA

Վիկինգներ : (Record no. 376419)

MARC details
000 -LEADER
fixed length control field 01374nam a2200277 i 4500
001 - CONTROL NUMBER
control field 001181267
003 - CONTROL NUMBER IDENTIFIER
control field AM-YeHGA
005 - DATE AND TIME OF LATEST TRANSACTION
control field 20250618074612.0
008 - FIXED-LENGTH DATA ELEMENTS--GENERAL INFORMATION
fixed length control field 150831s2016 ai ao||gr|||||000|0|arm||
020 ## - INTERNATIONAL STANDARD BOOK NUMBER
International Standard Book Number 9789939661612
040 ## - CATALOGING SOURCE
Original cataloging agency AM-YeHGA
041 1# - LANGUAGE CODE
Language code of text/sound track or separate title arm
Language code of original eng
090 ## - LOCALLY ASSIGNED LC-TYPE CALL NUMBER (OCLC); LOCAL CALL NUMBER (RLIN)
-- 378329
100 1# - MAIN ENTRY--PERSONAL NAME
Personal name Մաքդոնալդ, Ֆիոնա
245 10 - TITLE STATEMENT
Title Վիկինգներ :
Remainder of title [Նախագծեր. հարցեր. զարմանալի փաստեր. զվարճալի նկարներ] /
Statement of responsibility, etc. Ֆ. Մաքդոնալդ; Ծրագրի պատասխանատու՝ Հ. Մեդոյան ; Խորհրդատու՝ Ջ. Սմիթ ; Թարգմանիչ՝ Շ. Ալեքսանյան ; Գեղարվեստական խմբագիր՝ Հ. Այվազյան.
260 ## - PUBLICATION, DISTRIBUTION, ETC.
Place of publication, distribution, etc. Երևան :
Name of publisher, distributor, etc. Բուկինիստ,
-- Miles Kelly,
Date of publication, distribution, etc. 2016.
300 ## - PHYSICAL DESCRIPTION
Extent 48 էջ :
Other physical details նկարներ, լուսանկարներ ;
Dimensions 30 սմ.
490 1# - SERIES STATEMENT
Series statement 100 փաստ
504 ## - BIBLIOGRAPHY, ETC. NOTE
Bibliography, etc. note Անվանացանկ՝ էջ 48:
650 14 - SUBJECT ADDED ENTRY--TOPICAL TERM
Topical term or geographic name entry element Վիկինգներ
Form subdivision Գիտա-հանրամատչելի գրականություն
700 1# - ADDED ENTRY--PERSONAL NAME
Personal name Մեդոյան, Հեղինե
Relator term ծրագրի պատասխանատու
Relationship org
700 1# - ADDED ENTRY--PERSONAL NAME
Personal name Ալեքսանյան, Շուշան
Relator term թարգմանիչ
Relationship trl
700 1# - ADDED ENTRY--PERSONAL NAME
Personal name Սմիթ, Ջերեմի
Relator term խորհրդատու
Relationship csl
700 1# - ADDED ENTRY--PERSONAL NAME
Personal name Այվազյան, Հովհաննես
Relator term խմբագիր
Relationship edt
9 (RLIN) 3088
830 #0 - SERIES ADDED ENTRY--UNIFORM TITLE
Uniform title 100 փաստ
Holdings
Withdrawn status Lost status Source of classification or shelving scheme Damaged status Not for loan Home library Current library Date acquired Cost, normal purchase price Total checkouts Full call number Barcode Date last seen Price effective from Koha item type Public note
    Universal Decimal Classification     Fundamental Scientific Library Fundamental Scientific Library 11/01/2017 2800.00   AIII/8606 FL0440024 11/01/2017 11/01/2017 Գրքեր / Books 30 Days Loan
    Universal Decimal Classification     Fundamental Scientific Library Fundamental Scientific Library 11/01/2017 2800.00   AIII/8607 FL0440025 11/01/2017 11/01/2017 Գրքեր / Books 30 Days Loan


ՀՀ ԳԱԱ հիմնարար գիտական գրադարան
ՀՀ,Երևան 0019
Մարշալ Բաղրամյան 24/6
հեռախոս:(374-10) 52-47-50
Հետադարձ կապ

All site content, except where otherwise noted, is licensed under a
Creative Commons License